000
00350nam a2200157Ia 4500
003
0STCL
008
150530s9999 xx 000 0 und d
040
_a
STCL
_c
STCL
100
_a
Ward, A.C.
245
_a
Twentieth century prose
260
_b
Longmans
_c
1962
546
_a
English
942
_2
ddc
_c
BK
999
_c
52336
_d
52336
005
20220125170857.0